Score 0/18 Timer 02:00
0 Plays Today
Clue 4-Letter Word % Correct
The Spanish word for 'hello'HOLA
96.7%
A famous Hawaiian style of danceHULA
94.8%
The type of carbonated beverage Pepsi and Coke are known forCOLA
94.4%
This is high and low twice a day wherever water may be foundTIDE
90.6%
A thin piece of ceramic flooringTILE
90.3%
A more authoritative way of staying 'stop!'HALT
89.9%
A young male horse, or gun manufacturerCOLT
89.9%
Not wearing any clothesNUDE
89.6%
A surfer might do this to a wave, as a biker might do to his bikeRIDE
88.7%
Clue 4-Letter Word % Correct
A description of a coarse or offensive personRUDE
85.6%
A common slang term for a nuclear bombNUKE
84.3%
A grain often used in brewing alcoholMALT
84.1%
What happens when you're too rough with the pinball machineTILT
84%
To shed an outer layer periodically, such as skin or a shellMOLT
82.9%
The handle of a sword or daggerHILT
82.1%
A Fox/NBC owned video streaming serviceHULU
76.6%
The first two syllables of the Hawai'i state fishHUMU
24.5%
The fifth and sixth syllables of the Hawai'i state fishNUKU
23%

Today's Daily Dose

Remove Ads.
Support Sporcle.
Get the best of Sporcle when you Go Orange. This ad-free experience offers more features, more stats, and more fun while also helping to support Sporcle. Thank you for becoming a member.

You're not logged in!

Compare scores with friends on all Sporcle quizzes.
OR
Log In

Show Comments

Extras

Top Quizzes Today


Score Distribution

Your Account Isn't Verified!

In order to create a playlist on Sporcle, you need to verify the email address you used during registration. Go to your Sporcle Settings to finish the process.

Report this User

Report this user for behavior that violates our Community Guidelines.

Details: